DISCRETE MATHEMATHICS (Record no. 4511)
[ view plain ]
| 000 -LEADER | |
|---|---|
| fixed length control field | 00312nam a2200133Ia 4500 |
| 003 - CONTROL NUMBER IDENTIFIER | |
| control field | OSt |
| 005 - DATE AND TIME OF LATEST TRANSACTION | |
| control field | 20240216095300.0 |
| 008 - FIXED-LENGTH DATA ELEMENTS--GENERAL INFORMATION | |
| fixed length control field | 170524s9999 xx 000 0 und d |
| 020 ## - INTERNATIONAL STANDARD BOOK NUMBER | |
| International Standard Book Number | 9781259062537 |
| 040 ## - CATALOGING SOURCE | |
| Transcribing agency | IIMT UNIVERSITY MEERUT |
| 100 ## - MAIN ENTRY--PERSONAL NAME | |
| Personal name | LIPSCHUTZ S |
| 245 #0 - TITLE STATEMENT | |
| Title | DISCRETE MATHEMATHICS |
| 942 ## - ADDED ENTRY ELEMENTS (KOHA) | |
| Source of classification or shelving scheme | |
| Koha item type | Book Bank |
| Withdrawn status | Lost status | Source of classification or shelving scheme | Damaged status | Not for loan | Home library | Current library | Date acquired | Total Checkouts | Barcode | Date last seen | Date last checked out | Uniform Resource Identifier | Price effective from | Koha item type |
|---|---|---|---|---|---|---|---|---|---|---|---|---|---|---|
| IIMT University Central Library Meerut | IIMT University Central Library Meerut | 05/31/2017 | 7 | 01-B-39024 | 01/24/2026 | 09/08/2025 | MATHAMETICS | 05/31/2017 | Book Bank | |||||
| IIMT University Central Library Meerut | IIMT University Central Library Meerut | 05/31/2017 | 5 | 01-B-39025 | 06/18/2024 | 06/07/2024 | MATHAMETICS | 05/31/2017 | Book Bank | |||||
| IIMT University Central Library Meerut | IIMT University Central Library Meerut | 05/31/2017 | 6 | 01-B-39026 | 01/29/2025 | 09/18/2024 | MATHAMETICS | 05/31/2017 | Book Bank | |||||
| IIMT University Central Library Meerut | IIMT University Central Library Meerut | 05/31/2017 | 4 | 01-B-39027 | 01/09/2021 | 10/07/2020 | MATHAMETICS | 05/31/2017 | Book Bank | |||||
| IIMT University Central Library Meerut | IIMT University Central Library Meerut | 05/31/2017 | 6 | 01-B-39028 | 01/31/2026 | 09/10/2025 | MATHAMETICS | 05/31/2017 | Book Bank |

